| 000 | 00396nam a22001457a 4500 | ||
|---|---|---|---|
| 082 | _aP-240 | ||
| 100 |
_aArshad. _948002 |
||
| 245 |
_aComputer aided design of composite deck bridge (superstructure) _cZubair, Tariq Malik, Bashir. |
||
| 260 |
_aRisalpur: _bMCE. _c23-04-2003. |
||
| 300 | _a140.: | ||
| 526 |
_a0 _b0 _c0 _dP_240 |
||
| 650 | _aProject | ||
| 700 |
_aArshad _948002 |
||
| 942 |
_2ddc _cBK |
||
| 999 |
_c551059 _d551059 |
||